| 000 | 01909cam a22004574i 4500 | ||
|---|---|---|---|
| 003 | PE-LiUPU | ||
| 005 | 20250731172909.0 | ||
| 008 | 170503s1984 coua r 000 0 eng d | ||
| 035 | _a(Sirsi) a167510 | ||
| 040 |
_aPE-LiUPU _bspa _cPE-LiUPU _erda |
||
| 049 | _aPRUA | ||
| 082 | 0 | 4 |
_a246.7 _bS47 _220 |
| 100 | 1 |
_aShaffer, Floyd, _d1930-., _eautor. |
|
| 245 | 1 | 0 |
_aClown ministry : _ba how-to manual with dozens of skits for service and worship / _cby Floyd Shaffer and Penne Sewall. |
| 264 | 1 |
_aLoveland, CO : _bGroup Books, _c1984. |
|
| 300 |
_a112 páginas : _bilustraciones ; _c23 centimetros |
||
| 336 |
_atext _2rdacontent |
||
| 337 |
_aunmediated _2rdamedia |
||
| 338 |
_avolume _2rdacarrier |
||
| 505 | 0 | _aChapter one: the genesis of clown ministry -- Chapter two : esploring the world of the clown -- Chapter three: creating your clown -- Chapter four: a clown is born -- Chapter five: bits and skits. | |
| 526 | _aSEG42 | ||
| 526 | _aSEG41 | ||
| 526 | _aSEG40 | ||
| 526 | _aSEG39 | ||
| 526 | _aP94 | ||
| 526 | _aP87 | ||
| 526 | _aP86 | ||
| 526 | _aP85 | ||
| 526 | _aP77 | ||
| 526 | _aP76 | ||
| 526 | _aP35 | ||
| 650 | 0 | 4 |
_aPayasos _xAspectos religiosos _xCristianismo _vLibros, manuales, etc. |
| 650 | 0 | 4 |
_aPayasos _xAspectos religiosos _xCristianismo _2fast _0(OCoLC)fst00864920 |
| 910 |
_ajck _bjvq _cjck _d20170503. |
||
| 942 |
_2ddc _cBOOK |
||
| 949 |
_a246.7 S47 _wDEWEY _c1 _i75651 _lCATALOGING _mBUL _p9.00 _r0 _sY _tBOOK _u2017-05-03 _xTEOLOGIA _zPOSGRADO TEOLOGÍA _0COMPRA _o.CIRCNOTE. El documento es de alto precio. _o.STAFF. Colección Teología |
||
| 994 |
_aC0 _bPEPRU |
||
| 596 | _a1 | ||
| 999 |
_a246.7 S47 _wLC _c16241 _i75651 _d16241 _f2021-11-10 _g4 _lCCODEBUL1 _mBUL _p9.00 _r0 _sY _tBOOK _u2017-5-3 _xTEOLOGIA _PP85 _0DONACION _o.STAFF. Colección Teología |
||
| 980 |
_81 _gALBERTO SANCHEZ Responsable de Automatización |
||